000
00294nam a22001337a 4500
008
171012b xxu||||| |||| 00| 0 eng d
020
_a
9780925065445
041
_a
eng
080
_a
316
100
_a
50
101
_a
SOC
245
_a
SOCIAL WORK PRACTICE
_c
BRIGGS.H.E
942
_2
udc
_c
BK
999
_c
33506
_d
33506